Vultures gather in northern skies (Record no. 117163)

MARC details
000 -LEADER
fixed length control field 01585cam a2200265 4500
001 - CONTROL NUMBER
control field ABS67669
008 - FIXED-LENGTH DATA ELEMENTS--GENERAL INFORMATION
fixed length control field 040402n2004 000 0 eng u
035 ## - SYSTEM CONTROL NUMBER
System control number (Sirsi) u125720
100 ## - MAIN ENTRY--PERSONAL NAME
Personal name Greig-Smith, H.
245 ## - TITLE STATEMENT
Title Vultures gather in northern skies
260 ## - PUBLICATION, DISTRIBUTION, ETC.
Date of publication, distribution, etc. 2004
490 ## - SERIES STATEMENT
Series statement Regeneration and Renewal
Volume/sequential designation 26 March 2004, 22-23(2)
520 ## - SUMMARY, ETC.
Summary, etc. Reports on an unfortunate downside of northern England regeneration projects. As well as local authorities trying to capitalise on these projects, unscrupulous property investment companies and landlords have moved into those low-demand housing areas, which have been abandoned by decent tenants. Looks at a number of ways of preventing unscrupulous companies and landlords damaging an area: proposing land value taxation, which would deter the ownership of unused property and tax incremental financing, which would reclaim part of a property's rising value. However the tool most favoured by local authorities is private landlord licensing schemes. Landlord accreditation schemes were set up in 2003 as a part of the ODPM funded Private Landlords Project in five northern areas. The introduction of selective licensing of private landlords in problem areas is a provision in the Housing Bill.
590 ## - LOCAL NOTE (RLIN)
Local note ABS
590 ## - LOCAL NOTE (RLIN)
Local note ABS
650 ## - SUBJECT ADDED ENTRY--TOPICAL TERM
Topical term or geographic name entry element TAX INCREMENTAL FINANCING
650 ## - SUBJECT ADDED ENTRY--TOPICAL TERM
Topical term or geographic name entry element LANDLORD ACCREDITATION SCHEMES
650 ## - SUBJECT ADDED ENTRY--TOPICAL TERM
Topical term or geographic name entry element PROPERTY INVESTMENT
650 ## - SUBJECT ADDED ENTRY--TOPICAL TERM
Topical term or geographic name entry element LANDLORDS
650 ## - SUBJECT ADDED ENTRY--TOPICAL TERM
Topical term or geographic name entry element LAND VALUE TAXATION
650 ## - SUBJECT ADDED ENTRY--TOPICAL TERM
Topical term or geographic name entry element LICENSING OF LANDLORDS
650 ## - SUBJECT ADDED ENTRY--TOPICAL TERM
Topical term or geographic name entry element HOUSING BILL
690 ## - LOCAL SUBJECT ADDED ENTRY--TOPICAL TERM (OCLC, RLIN)
Topical term or geographic name as entry element REGENERATION
942 ## - ADDED ENTRY ELEMENTS (KOHA)
Suppress in OPAC 0
Holdings
Withdrawn status Lost status Source of classification or shelving scheme Damaged status Not for loan Home library Current library Shelving location Date acquired Total Checkouts Full call number Barcode Date last seen Copy number Price effective from Koha item type
    Dewey Decimal Classification     London London Journal article 02/04/2004   ABS67669 125720-1001 06/08/2019 1 06/08/2019 Journal article